Tự chữa bệnh bằng cây thuốc nam thông dụng, dễ tìm

Đã lưu trong:
書目詳細資料
主要作者: Nguyễn Văn Phấn
格式: 圖書
語言:Undetermined
出版: Thanh Hóa Thanh Hóa 2001
主題:
標簽: 添加標簽
沒有標簽, 成為第一個標記此記錄!
Thư viện lưu trữ: Trung tâm Học liệu Trường Đại học Cần Thơ
LEADER 00588nam a2200193Ia 4500
001 CTU_65071
008 210402s9999 xx 000 0 und d
020 |b 16000 
082 |a 615.882 
082 |b Ph121 
100 |a Nguyễn Văn Phấn 
245 0 |a Tự chữa bệnh bằng cây thuốc nam thông dụng, dễ tìm 
245 0 |c Nguyễn Văn Phấn và Tấn Cường 
260 |a Thanh Hóa 
260 |b Thanh Hóa 
260 |c 2001 
650 |a folk medicine 
904 |i Minh 
980 |a Trung tâm Học liệu Trường Đại học Cần Thơ